[Event "EU-ch 1st"]
[Site "Saint Vincent"]
[Date "2000.07.14"]
[Round "11"]
[White "Fedorov, Alexei"]
[Black "Gershon, Alik"]
[Result "1-0"]
[WhiteElo "2646"]
[BlackElo "2502"]
[Annotator "Gershon,A"]
[PlyCount "75"]
[EventDate "2000.07.03"]
[EventType "swiss"]
[EventRounds "11"]
[EventCountry "ITA"]
[SourceTitle "CBM 078"]
[Source "ChessBase"]
[SourceDate "2000.10.18"]
[SourceVersion "1"]
[SourceVersionDate "2000.10.18"]
[SourceQuality "1"]

1. e4 {Gofshtein,L} c5 2. Nf3 d6 3. d4 cxd4 4. Nxd4 Nf6 5. Nc3 Nc6 6. Bc4 Qb6
7. Nb3 e6 8. Bf4 Ne5 9. Be2 Bd7 10. Qd2 Be7 (10... Rc8 11. Be3 (11. f3 Be7 12.
O-O-O O-O 13. g4 Rfd8 {'<=>' Gofshtein,L.} 14. g5 Ne8 15. Be3 Qc7 16. f4 Nc4
$132 {Brustkern,J-Levin,F/Berliner Sommer 1997/0-1(33)}) 11... Qc7 12. Nb5 Bxb5
13. Bxb5+ Ned7 14. O-O Be7 15. Bd3 d5 {'<=>' Gofshtein,L'} 16. exd5 Nxd5 17.
Bd4 $14 {Onischuk,A-Tukmakov,V/Biel SKA 1996/1/2-1/2(41)}) (10... a6 {
Gofshtein,L} 11. Bg5 Qc7 12. O-O b5 13. a3 Be7 14. Rad1 Nc4 $132 {1/2-1/2
Ivanovic,B-Damljanovic,B/Vrnjacka Banja 1999/EXT 2000 (34)}) 11. O-O-O {
Gofshtein,L: 'another possibility is:'} (11. f3 O-O ({More flexible was:} 11...
Qc7 {Gofshtein,L} 12. Nb5 Bxb5 13. Bxb5+ Nc6 14. Rd1 Rd8 15. Qa5 $1 Qd7 $14 {
with mutual chanses,although white has slightly better prospects.}) 12. g4 {
'->' Gofshtein,L. Gofshtein,L: '1-0 Balashov,Y-Lopushnoy,D/Maikop 1998 (12)'}
Bc6 {[%cal Gf6d7]} 13. Be3 Qc7 14. g5 Nfd7 15. f4 Ng6 16. h4 Rfd8 (16... Rfc8
17. h5 Ngf8 18. Nd4 Nc5 19. Bf3 $14) 17. h5 Ngf8 18. Nd4 Nc5 19. Bf3 b5 $6 {
After this move black is in serious troubles.Deserved attention} (19... d5 $5
20. exd5 exd5 21. h6 g6 (21... Ne4 $2 22. Bxe4 dxe4 23. hxg7 Kxg7 24. Nf5+ $18)
22. O-O-O Ne4 {with counterplay.}) 20. Qg2 $1 {1-0 Balashov,Y-Lopushnoy,D/
Maikop 1998/CBM 66/[Gofshtein,L] (40)}) 11... O-O {'?!' Gofshtein,L.} (11...
Rc8 $142 $5 {Gofshtein,L}) (11... Bc6 {Gofshtein,L} 12. f3 a6 13. g4 Qc7 (13...
h6 14. h4 Qc7 15. g5 $40 {1-0 Malinin,Y-Mishchenko,V/St Petersburg 1999/CBM 74
no vc (34)}) 14. Nd4 (14. g5 Nfd7 15. Be3 b5 $132 {1/2-1/2 Konguveel,P-Bakre,T/
Calcutta 1999/CBM 69 ext (55)}) 14... b5 15. a3 Rb8 $132 {0-1 Ivanovic,
B-Damljanovic,B/Vrnjacka Banja 1999/EXT 2000 (60)}) 12. g4 {Gofshtein,L: 'with
idea 13.Be5 and 14.g5'} Bc6 (12... Rfd8 $5 {Gofshtein,L} 13. g5 Ne8 14. h4 Rac8
) 13. f3 Qc7 $1 (13... Rfd8 $6 14. g5 $5 (14. h4 Qc7 15. g5 {'->' Gofshtein,L.
Gofshtein,L: '1-0 Fedorov,A-Lopushnoy,D/St Petersburg 1997'} Nfd7 (15... Nh5
16. Bh2 g6 17. f4 $18) 16. Nd4 $1 a6 17. h5 b5 18. Rdg1 Nf8 (18... b4 19. Nd1
Nf8) 19. a3 $1 $16 {1-0 Fedorov,A-Lopushnoy,D/St Petersburg 1997/CBM 62/
[Gofshtein,L] (29) a good move, wasting one tempi,but completely stopping
black play on the Queen's side}) 14... Ne8 (14... Nfd7 15. Be3 Qc7 16. f4 $16)
15. Be3 $36) (13... a5 14. a4 Qb4 15. Qe1 Rfc8 16. Rd4 Qb6 17. Be3 $16) 14. Nd4
(14. h4 Rfc8 15. g5 Nfd7 16. h5 $36) (14. g5 Nfd7 15. Be3 {[%cal Gf3f4]} b5 $1
{[%csl Rb5,Rf3]} 16. Nd4 a6 $132 {[%cal Gb5b4]}) 14... a6 15. g5 Nfd7 16. h4 b5
17. a3 $2 (17. h5 b4 18. Nb1 Nc5 $13 {[%csl Re6]}) (17. Rdg1 b4 18. Nd1 $132)
17... Nc5 $1 {A multi-tasking move. The knight looks on both flanks: holding
the e6 pawn and in variaitons looking to sac itself on e4. Sometimes Nb3 can
be a threat. '?!' Gofshtein,L. Gofshtein,L: 'Wrong move , better looks 17...
Nb6 '} (17... Nb6 $5 {[%csl Rc4][%cal Ye5c4,Yb6c4] Gofshtein,L}) 18. h5 Rfc8 {
[%cal Gc8c1]} 19. g6 {'->!' Gofshtein,L. Gofshtein,L: 'perspective pawns
sacrifice,which leads to the strong white's attack .'} fxg6 {Gofshtein,L:
'also after 19...hg 20.h6 white has good attack'} (19... hxg6 {Gofshtein,L} 20.
h6 $5 $40) 20. hxg6 Nxg6 21. Be3 {Gofshtein,L: 'The attacking plan of white is
clear: to transfer hard pieces to the king side.'} a5 $4 (21... Bf6 $1 {
After this natural move seems like black is on top, having both the pawn and
the initiative} 22. Nxc6 Qxc6 23. Qxd6 Bxc3 24. Qxc6 (24. bxc3 Nb3+ 25. Kb1
Qxd6 26. Rxd6 Rxc3 27. Bb6 Nc5 28. Ba5 Na4 $15) 24... Bxb2+ 25. Kxb2 Rxc6 $17)
22. Bxb5 $16 {With the N on e5 white never had this option, but now the knight
has moved and Bb5 wins.} (22. Nxc6 Qxc6 23. Bxb5 Nb3+ 24. cxb3 Qxb5 25. Qc2 Qb7
26. Kb1 Rab8 $13) 22... Bxb5 23. Ndxb5 Qb6 24. Kb1 Rab8 25. Bd4 $1 e5 {[%csl
Rd5]} (25... Qa6 26. Qh2 Nf8 27. Rdg1 $18) 26. Be3 Qc6 27. Bxc5 (27. Na7 Qb6
28. Nab5) (27. Qd5+ $142 Qxd5 28. Rxd5 Rf8 29. Rf1 $16 {[%csl Ra5,Rd6,Re7]})
27... Qxc5 28. a4 Nf4 {[%csl Yd5]} 29. Rdg1 Qb4 {[%cal Gc8c3]} 30. Rg4 $1 (30.
Qh2 h5 $1 31. Qd2 d5 $1 32. exd5 Bc5 $17 {[%cal Gc5d4]}) 30... Rxc3 $2 $138 {
'?' Gofshtein,L. Gofshtein,L: 'Last mistake. After 30...Rc5! black has
defensive chances.'} (30... Bf6 $142 $132) (30... Rc5 $5 {Gofshtein,L} 31. Qh2
h5) (30... Bf8 $2 {Gofshtein,L} 31. Qh2 h6 (31... Rxc3 32. Qxh7+ Kf7 33. Qf5+
Ke7 34. Rh7 Ne6 35. Rg6 $18) 32. Qxh6 Rxc3 33. Qh8+ Kf7 34. Rxg7+ Bxg7 35. Qxb8
Rxf3 36. Qc7+ Kf6 37. Nxd6 $18) 31. Qxc3 Qxa4 32. Nc7 $1 {'+-' Gofshtein,L.} (
32. Qc7 Qxb5 33. Rxg7+ Kxg7 34. Qxe7+ Kg8 35. Qxh7+ Kf8 36. Qh8+ Kf7 37. Qh7+
Ke8 38. b3 a4 39. Qg7 {[%cal Gh1h8]} Nh3 $8 40. Rxh3 Qf1+ 41. Kb2 Rxb3+ 42.
cxb3 Qxh3 $16 {With good practical chances for a draw.}) 32... Ne2 33. Qd2 $1
Qa3 {Allows a cute finale, but the position was already lost} (33... Rxb2+ {
[%csl Yb4,Yb5][%cal Gc7b5,Gd2b4] doesn't work since all the squares are
protected} 34. Kxb2 $18) {[%tqu "En","Black is threatenning to mate you. How
would you act?","","","g4g7","",10]} 34. Rxg7+ $1 (34. b3 {also wins} Rxb3+ 35.
cxb3 Qxb3+ 36. Ka1 Nd4 (36... Qa3+ 37. Qa2+) 37. Rxg7+ Kxg7 38. Qh6+ $18) 34...
Kf8 (34... Kxg7 35. Qh6+ Kf7 36. Qxh7+ Kf6 37. Qf5+ Kg7 38. Rh7+ Kg8 39. Qf7#)
35. Ne6+ Ke8 36. Rg8+ Kf7 37. Rxb8 Qxf3 38. Rf8+ 1-0

[Event "RUS-chT 07th"]
[Site "Smolensk"]
[Date "2000.04.24"]
[Round "10"]
[White "Fedorov, Alexei"]
[Black "Chernyshov, Konstantin"]
[Result "0-1"]
[WhiteElo "2684"]
[BlackElo "2544"]
[Annotator "Gershon,A"]
[PlyCount "84"]
[EventDate "2000.04.15"]
[EventType "team-tourn"]
[EventRounds "11"]
[EventCountry "RUS"]
[SourceTitle "CBM 077"]
[Source "ChessBase"]
[SourceDate "2000.07.27"]
[SourceVersion "1"]
[SourceVersionDate "2000.07.27"]
[SourceQuality "1"]
[WhiteTeam "Smolensk TsEM"]
[BlackTeam "Voronezh OShK"]
[WhiteTeamCountry "RUS"]
[BlackTeamCountry "RUS"]

1. e4 c5 2. Nf3 Nc6 3. Nc3 d6 4. d4 cxd4 5. Nxd4 Nf6 6. Bc4 Na5 7. Bd3 (7. Bb5+
Bd7 8. Qe2 a6 (8... e6 9. Bg5 Be7 10. O-O-O a6 11. Bxd7+ Nxd7 12. Bxe7 Qxe7 13.
Nb3 Nxb3+ 14. axb3 Rc8 15. Qd2 Rc6 16. Rhe1 O-O 17. Re3 Qg5 18. g3 Nf6 19. Rd3
Qxd2+ 20. R1xd2 $14 {1/2-1/2 Arencibia,W-Hernandez,G/Oropesa del Mar 1996/EXT
98 (51)}) 9. Bxd7+ Qxd7 10. Bg5 e6 11. O-O-O Qc7 12. Bxf6 gxf6 13. f4 Nc6 14.
f5 Nxd4 15. Rxd4 Be7 16. Rhd1 Rc8 17. Kb1 Qc5 18. g3 b5 19. a3 $16 {1-0 Anand,
V-Leko,P/Munich 1994/EXT 2000 (31)}) (7. Be2 e6 8. O-O a6 9. a4 Be7 10. f4 Qc7
11. Kh1 b6 12. Qd3 Bb7 13. b4 Nc6 14. Nxc6 Bxc6 15. Bb2 O-O 16. Qd4 Bb7 17. Bd3
Rac8 18. e5 $2 Rfd8 19. Qe3 Nd7 20. Qh3 g6 21. exd6 Bxd6 22. Qh6 $2 Bf8 23. Qh4
Bg7 $17 {0-1 Holzmann,H-Karolyi,T/Balatonbereny 1995/CBM 48 ext (62)}) 7... g6
8. O-O (8. b3 Bg7 9. Bb2 O-O 10. O-O Bd7 11. Nd5 Rc8 12. Qd2 a6 13. c4 e6 14.
Nxf6+ Bxf6 15. Rad1 Nc6 16. Nf3 Ne5 17. Nxe5 Bxe5 18. Ba3 Qh4 19. g3 $16 {
1-0 Souleidis,G-Thiel,T/Senden 1998/CBM 67 ext (30)}) (8. Be3 Bg7 9. f3 Nd7 10.
f4 O-O 11. Nf3 Nc5 12. O-O Nxd3 13. cxd3 Bd7 14. Qd2 e6 15. Kh1 Nc6 16. g4 f5
$1 17. gxf5 exf5 18. Rae1 Qa5 19. Qf2 Rae8 $17 {0-1 Martin Gonzalez,A-Ubilava,
E/Candas 1992/TD (40) ^^ [+]}) 8... Bg7 9. Nb3 O-O 10. Bd2 Nc6 11. f4 a5 $1 {
forcing} 12. a4 {[%csl Rb4] after which black will have the very important
'b4' post} Be6 13. Nc1 Nb4 (13... Qb6+ $143 14. Kh1 Qxb2 $2 (14... Bg4 15. Qe1
{[%csl Rg4][%cal Gf4f5]}) 15. Rb1 Qa3 16. Rxb7 $16) 14. f5 $2 {Premature.
white gives up the most crucial square in sicilian- e5 without getting
anything real} (14. Be2 $5 {[%cal Ge2f3,Gc1d3]} Qb6+ 15. Kh1 Rfc8 16. Bf3 $13)
14... Bd7 15. Bg5 Rc8 16. Kh1 Kh8 {Black removes his king from the a2-g8 /^
with the idea to capture on g6 with the 'f' ppawn in the future, however, i
would prefer the simple improvment of the pieces here.} (16... Bc6 {[%cal
Gf6d7,Gd7e5,Gd6d5]}) 17. N1e2 {[%csl Gg4] allows black to easily transport his
knight to a better position, but there is no good plan for white here.} (17.
fxg6 $6 fxg6 18. Qd2 Ng4 19. Nb3 Nxd3 20. Rxf8+ (20. cxd3 Qb6 $19) 20... Bxf8
21. cxd3 Qb6 {[%csl Rb3][%cal Gg4f2,Gb6b3]} 22. h3 $8 Nf2+ 23. Kh2 Nxh3 24.
gxh3 Qxb3 $19) (17. Qd2 Ng4) 17... Ng4 18. Qe1 {[%cal Ge1h4]} gxf5 $1 {At the
right moment. White's pieces are discoordinated and black has a wonderful
chance to launch a counterattack.} (18... Ne5 19. Rd1 $13) 19. exf5 Rg8 {
[%csl Rc2][%cal Gd7c6,Gb4d3,Yc6g2,Yg8g2]} 20. Qh4 Bf6 21. Bxf6+ Nxf6 {[%cal
Gg8g4] the results of white's 14.f5 can now be seen: the 'g' file has been
opened and taken over by black; the f5 pawn is weak and is limiting the white
B; the h1-a8 /^ is opened for black's B while white connot exploit the 'h' and
'e' files since he has to worry about his many weaknesses.} 22. h3 Nxd3 $1 23.
cxd3 {[%csl Rb2,Rd3,Rf5]} Qb6 24. Rab1 Bc6 25. Rf2 Rg5 $1 $17 {[%cal Gc8g8]}
26. Qd4 (26. Qxg5 Qxf2 {[%cal Gc8g8]} 27. Qg3 $8 Qxf5 28. Nd4 Qh5 29. Nxc6 bxc6
$19 {[%csl Rb2][%cal Gc8b8]}) 26... Qb4 $1 (26... Qc5 $143 27. Qxc5 dxc5 28.
Re1 {would give white time to create some counterplay}) 27. Rg1 $2 {A blunder
in bad position} (27. Qxb4 axb4 28. Na2 Rcg8 29. Rg1 Rh5 (29... Nd5 $5) 30. Nf4
Rxf5 31. Nxb4 e5 $19) 27... Rh5 28. Re1 (28. Kh2 Qxd4 29. Nxd4 Ng4+ $19) (28.
Qxb4 $4 Rxh3#) 28... Rxh3+ 29. Kg1 Rh4 (29... Qxd4 30. Nxd4 Rxd3 31. Nxc6 bxc6
32. Rxe7 {would give unnecessary counterchances}) 30. Qxb4 axb4 31. Nb5 Bxb5
32. axb5 Kg7 {[%csl Re7] Bringing the king to protect the pawn, while the
rooks will destroy the pawns.The rest is just a matter of time} 33. Ng3 Rg4 34.
Rf3 Kf8 {[%cal Gc8c2]} 35. Nf1 Rc5 (35... b3 $143 36. d4 Rxd4 37. Rxb3) 36.
Rfe3 Rc2 37. g3 (37. Rxe7 Rcxg2+ 38. Kh1 Rg1+ 39. Kh2 Rxf1 $19) 37... Nd5 38.
f6 {desperation} (38. R3e2 b3 39. Rxc2 bxc2 $19 {[%cal Gd5b4]}) 38... Nxe3 39.
fxe7+ Kxe7 40. Nxe3 Rxg3+ 41. Kf1 Rf3+ 42. Kg1 Rc5 (42... Rc5 43. Kg2 Rxe3 44.
Rxe3+ Re5 45. Rh3 Re2+ 46. Kf3 Rxb2 $19) 0-1

[Event "Wch U20"]
[Site "Yerevan"]
[Date "1999.09.29"]
[Round "12"]
[White "Zhang, Pengxiang"]
[Black "Gershon, Alik"]
[Result "1/2-1/2"]
[WhiteElo "2462"]
[BlackElo "2492"]
[Annotator "Gershon,A"]
[PlyCount "89"]
[EventDate "1999.09.18"]
[EventType "swiss"]
[EventRounds "13"]
[EventCountry "ARM"]
[SourceTitle "CBM 072 Extra"]
[Source "ChessBase"]
[SourceDate "1999.11.18"]
[SourceVersion "1"]
[SourceVersionDate "1999.11.18"]
[SourceQuality "1"]

1. e4 c5 2. Nf3 d6 3. d4 cxd4 4. Nxd4 Nf6 5. Nc3 Nc6 6. Bc4 Qb6 7. Nde2 e6 8.
O-O Be7 (8... a6 9. Bb3 Be7 10. Bg5 Qc7 11. Ng3 b5 (11... O-O 12. Nh5 Nxh5 13.
Bxe7 Qxe7 14. Qxh5 Nd4 15. f4 b5 16. f5 Qa7 17. Kh1 Qc5 18. Rf4 Qe5 19. Raf1 b4
$15 {1/2-1/2 Semeniuk,A-Obukhov,A/Voronez 1991/CBM 22 ext (63)}) 12. Kh1 h5 13.
Bxf6 gxf6 14. Nxh5 Bb7 15. Ng3 O-O-O 16. a4 b4 17. Nce2 Kb8 18. Rc1 Qa5 19. c3
Rh4 20. Ng1 Ne5 21. Qd2 d5 22. exd5 Nc4 23. Qe2 Bxd5 24. Rfd1 Rc8 25. Nf3 Rf4
26. Rd4 Bd6 27. Rc2 bxc3 28. bxc3 f5 29. Qd1 {1/2-1/2 Kasparov,G-Timman,J/
Manila 1992/TD (29)}) 9. Be3 Qc7 10. Ng3 a6 (10... O-O 11. f4 d5 12. Bd3 dxe4
13. Ncxe4 Nb4 14. Nxf6+ Bxf6 15. c3 Nd5 16. Bc1 g6 17. Kh1 Bg7 18. Qf3 Rd8 19.
Be4 f5 20. Bc2 b6 21. Bb3 Bb7 $15 {0-1 Voekler,B-Tischbierek,R/GER 1991/CBM 24
(50)}) 11. a4 (11. f4 b5 12. Bb3 Na5 13. f5 Nxb3 14. cxb3 O-O 15. Rc1 Qb7 16.
b4 a5 17. a3 axb4 18. axb4 Bd7 19. Bg5 Kh8 20. Nh5 Rae8 21. Nxf6 gxf6 22. Bh4
Bc6 23. Qd4 e5 24. Qe3 Rg8 25. Ra1 Ra8 26. h3 Rxa1 27. Rxa1 Ra8 28. Rd1 $16 {
1-0 Ivanovic,B-Fedorowicz,J/Lone Pine 1981/MCL (60)}) 11... O-O 12. Qe2 Bd7 13.
f4 Rac8 14. Bd3 Na5 15. Bf2 (15. Bd4 e5 16. fxe5 dxe5 17. Rxf6 Bxf6 18. Nd5 Qd6
19. Bc3 Nc6 $17) 15... Nc4 16. Nd1 (16. b3 Nb2 17. Be1 Nxd3 18. cxd3 d5 19. e5
Ne8 20. Kh1 g6 $11) 16... e5 17. fxe5 (17. f5 d5 18. exd5 (18. b3 Nd6 19. exd5
Nxd5 20. Qxe5 Bf6 21. Qxd5 Bc6 22. Qc5 Bxa1) 18... Nxd5 19. Nh5 Nf6 $13) 17...
Nxe5 18. Ne3 g6 19. Kh1 Be6 20. Be1 Rfe8 21. Bc3 Nfd7 22. Ngf5 Bf8 (22... gxf5
23. exf5 Bc4 24. Bxc4 Nxc4 25. Qg4+ $18) 23. Qf2 Qd8 24. Qf4 f6 25. Nd4 (25.
Nh6+ Kh8) 25... Bf7 26. Nd5 Bg7 (26... Bxd5 $2 27. exd5 {[%csl Ge6]} Qe7 28.
Ne6 $14) 27. Rf2 f5 $1 {[%csl Gd5,Ge4]} (27... Nc5 28. Nxf6+ Bxf6 29. Qxf6 Qxf6
30. Rxf6 Ncxd3 31. cxd3 Nxd3 $11) 28. Ne3 Nc5 29. Nexf5 $8 (29. Rd1 Bf6 30.
exf5 Bg5 31. Qg3 Bh4 32. Qf4 g5 $19) 29... gxf5 30. Nxf5 Bg6 $2 (30... Ncxd3
31. cxd3 Bg6 $17) 31. Bc4+ Ne6 32. Bd5 $1 (32. Nxg7 Rxc4 33. Nxe6 Rxe6 $19)
32... Kh8 33. Qg3 {[%csl Gb7]} Bxf5 (33... Qd7 34. Nxg7 Qxg7 35. Raf1 $44) 34.
exf5 Nc5 35. f6 $1 {Otherwise black would have blocked the position with Bf6}
Bxf6 36. Qh3 Qe7 (36... Ned7 $4 37. Rxf6 Nxf6 38. Qxc8 $1 $18) (36... Bg7 37.
Raf1 Qg5 38. Rf5 $44) 37. Raf1 Ncd7 (37... Rf8 $4 38. Rxf6 {[%csl Gc8]}) 38.
Bxb7 Rc4 39. Bd5 Rh4 40. Qg3 Qg7 41. Kg1 (41. Qxg7+ Bxg7 42. b4 $13) 41... Rg4
42. Qh3 Rh4 43. Qg3 (43. Qe3 Rxh2 $19) 43... Rg4 (43... Qxg3 44. hxg3 Rh6 45.
Bb7 $44) (43... Rf8 44. Be6 $44) (43... Rxa4 $142 44. Bc6 (44. Qxg7+ Bxg7)
44... Qxg3 $1 45. hxg3 Nxc6 $19) 44. Qh3 Rh4 45. Qg3 1/2-1/2

[Event "Tel Aviv int"]
[Site "Tel Aviv"]
[Date "2000.03.28"]
[Round "8"]
[White "De Vreugt, Dennis"]
[Black "Gershon, Alik"]
[Result "0-1"]
[WhiteElo "2498"]
[BlackElo "2471"]
[Annotator "Gershon,A"]
[PlyCount "92"]
[EventDate "2000.03.??"]
[EventType "tourn"]
[EventRounds "9"]
[EventCountry "ISR"]
[EventCategory "9"]
[SourceTitle "CBM 077"]
[Source "ChessBase"]
[SourceDate "2000.07.27"]
[SourceVersion "1"]
[SourceVersionDate "2000.07.27"]
[SourceQuality "1"]

1. e4 c5 2. Nf3 Nc6 3. d4 cxd4 4. Nxd4 Nf6 5. Nc3 d6 6. Bc4 Qb6 7. Nxc6 bxc6 8.
O-O g6 9. Qe2 Ng4 10. Kh1 (10. h3 Ne5 11. Bb3 Bg7 12. Be3 Qc7 13. f4 Nd7 $14) (
{In the U-20 world championship half a year earlier my opponent played:} 10.
Be3 Qc7 11. Bd4 e5 12. Be3 Bg7 13. Rad1 O-O 14. Qd3 d5 15. exd5 e4 16. d6 exd3
17. dxc7 dxc2 18. Rc1 Nxe3 19. fxe3 Bxc3 20. bxc3 Be6 21. Bxe6 fxe6 22. Rxc2
Rac8 $11 {1/2-1/2 De Vreugt,D-Blehm,P/Yerevan 1999/CBM 72 ext (45)}) 10... Bg7
11. f4 O-O 12. Bd3 (12. h3 $2 Nf6 13. e5 dxe5 14. fxe5 Nh5 {[%csl Gg3]} 15. Rf3
(15. Qf3 Be6 $1 $17 (15... Bxe5 16. Bxf7+ Kg7 $17)) 15... Qd4 $1 16. g4 Bxg4
17. hxg4 Qxg4 18. Ne4 Bxe5 $17) 12... a5 ({perhaps a bit better was to keep
the pawn on a7 not giving white another object for attack.} 12... Rb8) 13. Na4
Qd8 $5 (13... Qb4 14. c3 $1 Qb8 (14... Qxa4 15. b3 $18) 15. c4 {and the queen
is misplaced}) (13... Qc7 14. c4 {black is ok, but a bit passive}) 14. Bd2 (14.
c4 e5 15. f5 gxf5 16. exf5 Qh4 17. h3 Nf6 $132 {[%cal Ge5e4,Gf6h5,Gh5g3]})
14... e5 15. h3 $2 (15. f5 gxf5 16. exf5 Qh4 17. h3 (17. g3 Qh3 18. Nb6 e4 19.
Bxe4 Ba6 $44) 17... Nf6 18. c4 Nh5 19. Be1 Qg5 $13) 15... exf4 $1 16. Bxf4 (16.
hxg4 Qh4+ 17. Kg1 Bd4+ 18. Rf2 Bxg4 19. Qe1 g5 $17 {/\ Be6, g5-g4-g3}) 16...
Ne5 $11 17. c4 Rb8 18. Rad1 Qe7 $6 (18... Qh4 {creating threats without losing
precious time} 19. Bh2 Re8 $15) 19. b3 Re8 20. Qd2 ({of course not:} 20. Nc3 $2
Bg4 21. hxg4 Qh4+ 22. Bh2 (22. Kg1 Nxg4 $17 {/\ Bc3, Bd4}) 22... Nxg4 23. g3
Qxh2+ 24. Qxh2 Nxh2 25. Kxh2 Bxc3 $17) 20... Qh4 21. Be2 (21. Bg5 $142 Qg3 22.
Qf4 Qxf4 23. Bxf4 Be6 $11) 21... c5 $1 {[%csl Gd4] Taking the important d4
square under control} (21... Bxh3 {Doesn't work} 22. gxh3 Qxh3+ 23. Bh2 Ng4 (
23... Bh6 24. Qxd6) 24. Bxg4 Qxg4 25. Qf4 $18) 22. Qxd6 Bxh3 23. gxh3 ({
The most challenging was:} 23. g3 Bxf1+ (23... Qe7 24. Qxe7 Rxe7 25. Rfe1 Rc8
26. Rd5 Nd7 {with approximately equal position}) 24. gxh4 Bxe2 25. Rd2 Bf3+ 26.
Kg1 Bxe4 27. Bxe5 Bxe5 28. Qxc5 Bf4 $44 {With a very strong piece play for
black against white king.}) 23... g5 $1 {The point of black's whole strategy}
24. Bh2 $6 $138 {Makes life easier for black} (24. Bxe5 $142 Qxh3+ $1 (24...
Bxe5 25. Qd3 Bg3 26. Kg2 $18) 25. Bh2 Be5 26. Qxe5 Rxe5 {A very strange
situation arises while there is an approximate equality from the material
point of view black has the more active and better coorinated pieces,but if
white can organize his own they will simply bee too many} 27. Rg1 $1 {I
believe it to be white's best possibility} (27. Kg1 Rxe4 28. Bxb8 Rxe2 $19)
27... Rbe8 $1 {Ready to sac an exchange on e4} 28. Rg3 (28. Rd3 Qh4 29. Bf3 (
29. Rg4 $2 Qe1+) (29. Nc3 f5 $17) 29... Rxe4 $19) 28... Qh4 29. Rg4 Qh6 $36 {
[%cal Gf7f5]}) 24... Qxe4+ 25. Bf3 Nxf3 26. Qd5 $2 ({White must have played} 
26. Nxc5 $8 Qe2 27. Bg3 $1 {When black is better but white has many resources.}
Rbd8 ({but not} 27... Be5 28. Bxe5 Rxe5 $4 29. Qxb8+ Kg7 30. Ne6+ $1 Rxe6 (
30... fxe6 31. Rd7+ {and it's black the one who gets mated}) 31. Qg3 $18) 28.
Qxd8 Rxd8 29. Rxd8+ Bf8 30. Rf2 Qe7 31. Rc8 Nd4 32. Rd2 Qe3 $36 {/\ Kg7, h5-h4}
) 26... Nxh2+ 27. Kxh2 Be5+ 28. Kg1 Bd4+ 29. Kh2 Qe2+ ({the simplest was:} 
29... Qxd5 30. cxd5 Re2+ 31. Kh1 Rxa2 $19) 30. Kh1 Qe4+ $2 {lets most of the
advantage away} ({My initial idea was:} 30... Re3 31. Qxf7+ ({but in the last
moment i noticed this move, and without thiniking about the consequenses (i
simply didn't have enough time) rejected Re3, and decided to go for the
'safer' option} 31. Qxg5+ Kh8 32. Qg4 Be5 $1 33. Qxe2 Rxe2 34. Rf5 Rh2+ 35. Kg1
Rg8+ 36. Kf1 Bd4 $19) 31... Kh8 32. Qf5 Rg3 33. Rg1 Rf3 {Winning}) 31. Qxe4
Rxe4 32. Rf5 Rc8 33. Rxg5+ Kf8 {Black has still a big advantage since all his
pieces are better} 34. Nb6 Rc6 35. Nd5 Re2 36. Rg2 Rce6 37. Nf4 $6 $138 (37.
Rxe2 Rxe2 $17) 37... Re1+ 38. Rxe1 Rxe1+ 39. Kh2 Be5 40. Rf2 Re4 41. Kg3 f5 {
White is in a zugzwang!} 42. h4 Kf7 43. Rf3 Kf6 44. Rf2 Rxf4 {The safest} 45.
Rxf4 Bxf4+ 46. Kxf4 h6 {White resigned. Black will stalemate white's king on
f1, thus forcing him to play b3b4 after which black promotes his pawn first
with a mate.} 0-1